Hệ thống gợi ý dựa trên nội dung sử dụng Apache Spark : Luận văn thạc sĩ Công nghệ Thông tin chuyên ngành: Hệ thống Thông tin

Đề tài tập trung nghiên cứu xây dựng hệ thống gợi ý dựa trên nội dung sử dụng công nghệ Apache Spark trong quá trình xử lý dữ liệu nhằm tăng tốc độ xử lý của hệ thống. Hệ thống hỗ trợ người dùng tìm nhanh tài liệu theo nội dung t...

ver descrição completa

Na minha lista:
Detalhes bibliográficos
Autor principal: Võ, Văn Liệt
Formato: Livro
Idioma:Undetermined
Publicado em: Cần Thơ Trường Đại học Cần Thơ 2018
Assuntos:
Tags: Adicionar Tag
Sem tags, seja o primeiro a adicionar uma tag!
Thư viện lưu trữ: Trung tâm Học liệu Trường Đại học Cần Thơ
LEADER 01409nam a2200217Ia 4500
001 CTU_228356
008 210402s9999 xx 000 0 und d
082 |a 006.424 
082 |b L308 
088 |a 60480104 
100 |a Võ, Văn Liệt 
245 0 |a Hệ thống gợi ý dựa trên nội dung sử dụng Apache Spark : 
245 0 |b Luận văn thạc sĩ Công nghệ Thông tin chuyên ngành: Hệ thống Thông tin 
245 0 |c Võ Văn Liệt ; Nguyễn Thái Nghe, Nguyễn Hữu Hòa (hướng dẫn khoa học) 
260 |a Cần Thơ 
260 |b Trường Đại học Cần Thơ 
260 |c 2018 
520 |a Đề tài tập trung nghiên cứu xây dựng hệ thống gợi ý dựa trên nội dung sử dụng công nghệ Apache Spark trong quá trình xử lý dữ liệu nhằm tăng tốc độ xử lý của hệ thống. Hệ thống hỗ trợ người dùng tìm nhanh tài liệu theo nội dung tương đồng với nội dung tệp đang xem trong tập tài liệu nguồn, từ đó người dùng sẽ chọn tài liệu phù hợp. 
650 |a Nhận dạng ký tự quang học,Optical character recognition 
910 |b dqhieu 
980 |a Trung tâm Học liệu Trường Đại học Cần Thơ